Cyclisme : Podiums Champion d'Europe CLM !!! - Statistiques

Statistiques générales
  • Ce quiz a été pris 100 fois
  • Le résultat moyen est 21 sur 24
Statistiques - réponses
Anneés Place Pays Prénoms Noms % Correct
2021 3eme 🇧🇪 Remco Evenepoel
100%
2019 1er 🇧🇪 Remco Evenepoel
100%
2022 3eme 🇮🇹 Filippo Ganna
100%
2021 2eme 🇮🇹 Filippo Ganna
100%
2022 2eme 🇨🇭 Stefan Küng
99%
2021 1er 🇨🇭 Stefan Küng
99%
2020 1er 🇨🇭 Stefan Küng
99%
2020 2eme 🇨🇵 Rémi Cavagna
98%
2023 3eme 🇧🇪 Wout Van Aert
98%
2020 3eme 🇧🇪 Victor Campenaerts
95%
2018 1er 🇧🇪 Victor Campenaerts
95%
2017 1er 🇧🇪 Victor Campenaerts
95%
2016 2eme 🇧🇪 Victor Campenaerts
95%
2023 1er 🇬🇧 Joshua Tarling
95%
2019 2eme 🇩🇰 Kasper Asgreen
93%
2023 2eme 🇨🇭 Stefan Bissegger
89%
2022 1er 🇨🇭 Stefan Bissegger
89%
2019 3eme 🇮🇹 Edoardo Affini
88%
2018 2eme 🇪🇦 Jonathan Castroviejo
78%
2016 1er 🇪🇦 Janathan Castroviejo
78%
2018 3eme 🇩🇪 Maximilian Schachmann
77%
2017 2eme 🇵🇱 Maciej Bodnar
71%
2017 3eme 🇮🇪 Ryan Mullen
62%
2016 3eme 🇮🇹 Moreno Moser
37%
Aucun quiz correspondant
Distribution des résultats
% des personnes avec chaque résultat
Percentile par nombre de réponses
Votre historique - résultats
Vous n’avez pas pris ce quiz